[Event "DEN-chT 2122 59th"]
[Site "Denmark"]
[Date "2021.10.31"]
[Round "2.1"]
[White "Rozentalis, Eduardas"]
[Black "Sorensen, Jan"]
[Result "1-0"]
[WhiteElo "2513"]
[BlackElo "2369"]
[PlyCount "105"]
[EventDate "2021.10.30"]
[EventType "team-tourn"]
[EventRounds "9"]
[EventCountry "DEN"]
[SourceTitle "CBM 204 Extra"]
[Source "ChessBase"]
[SourceDate "2021.11.30"]
[SourceVersion "1"]
[SourceVersionDate "2021.11.30"]
[SourceQuality "1"]
[WhiteTeam "Koge Xtracon"]
[BlackTeam "Aarhus/Skolerne"]
[WhiteTeamCountry "DEN"]
[BlackTeamCountry "DEN"]

1. e4 e6 2. d4 d5 3. Nd2 Be7 4. e5 c5 5. c3 cxd4 6. cxd4 Qb6 7. Ndf3 Bd7 8. Bd3 Bb5 9. Ne2 Bxd3 10. Qxd3 Qa6 11. Qd1 Bb4+ 12. Kf1 Ne7 13. a3 Ba5 14. h4 Nd7 15. h5 h6 16. g3 Rc8 17. Bf4 f6 18. Kg2 0-0 19. b3 Bc7 20. Re1 fxe5 21. dxe5 Nc5 22. Nc1 Nf5 23. Bd2 Rf7 24. Bb4 Ne4 25. Nd3 Bb6 26. Ra2 Ba5 27. Rc2 Rxc2 28. Qxc2 Rc7 29. Qd1 Bxb4 30. axb4 Rc3 31. Nf4 Qb6 32. Qe2 Qc6 33. b5 Qc8 34. Qd1 Rc2 35. Re2 Rc1 36. Qd3 Rc3 37. Qd1 Rc1 38. Qd3 Rc3 39. Qd1 Nxf2 40. Kxf2 Qc5+ 41. Kg2 Ne3+ 42. Rxe3 Qxe3 43. Nxe6 Rd3 44. Qf1 Rxb3 45. Ned4 Rb2+ 46. Kh3 Rf2 47. Qd1 Rb2 48. e6 Rf2 49. g4 Rb2 50. Kg3 Kh7 51. Qa1 Qf2+ 52. Kf4 Rb4 53. e7 1-0

[Event "EU-Cup Online Gr-I"]
[Site "Tornelo INT"]
[Date "2021.03.28"]
[Round "5.2"]
[White "Sprenar, Petr"]
[Black "Sorensen, Jan"]
[Result "0-1"]
[WhiteElo "2259"]
[BlackElo "2369"]
[PlyCount "98"]
[EventDate "2021.03.27"]
[EventType "team-tourn (rapid)"]
[EventRounds "9"]
[EventCountry "NET"]
[SourceTitle "CBM 201 Extra"]
[Source "ChessBase"]
[SourceDate "2021.05.31"]
[SourceVersion "1"]
[SourceVersionDate "2021.05.31"]
[SourceQuality "1"]
[WhiteTeam "Bohemian Fire"]
[BlackTeam "Aarhus Skolerne"]
[WhiteTeamCountry "CZE"]
[BlackTeamCountry "DEN"]

1. d4 e6 2. c4 Nf6 3. g3 Bb4+ 4. Bd2 Qe7 5. Bg2 Nc6 6. e3 0-0 7. Ne2 Bxd2+ 8. Nxd2 d6 9. 0-0 e5 10. d5 Nb8 11. Nc3 a5 12. a3 Na6 13. b4 Bg4 14. Qb3 h5 15. h3 Bd7 16. Rfe1 Nh7 17. f4 h4 18. g4 exf4 19. exf4 Qf6 20. Re4 axb4 21. axb4 Nc5 22. bxc5 Rxa1+ 23. Kh2 dxc5 24. Nf3 Rfa8 25. g5 Qd6 26. Qxb7 R1a7 27. Qb2 Ra6 28. Nxh4 Nxg5 29. Re5 f6 30. Nf5 Bxf5 31. Rxf5 Re8 32. Nb5 Qd7 33. Qc2 Nf7 34. Rh5 Nh6 35. d6 c6 36. Rxh6 f5 37. Rg6 cxb5 38. cxb5 Rxd6 39. Qc4+ Kh7 40. Rg5 g6 41. Qxc5 Rd2 42. h4 Qd6 43. Qxd6 Rxd6 44. h5 gxh5 45. Rxh5+ Kg6 46. Rg5+ Kf6 47. Rh5 Rd2 48. b6 Ree2 49. Rg5 Rb2 0-1

[Event "EU-Cup Online Gr-I"]
[Site "Tornelo INT"]
[Date "2021.03.27"]
[Round "3.1"]
[White "Arnaudov, Petar G"]
[Black "Sorensen, Jan"]
[Result "1-0"]
[WhiteElo "2471"]
[BlackElo "2369"]
[PlyCount "69"]
[EventDate "2021.03.27"]
[EventType "team-tourn (rapid)"]
[EventRounds "9"]
[EventCountry "NET"]
[SourceTitle "CBM 201 Extra"]
[Source "ChessBase"]
[SourceDate "2021.05.31"]
[SourceVersion "1"]
[SourceVersionDate "2021.05.31"]
[SourceQuality "1"]
[WhiteTeam "Bonnevoie Gambit"]
[BlackTeam "Aarhus Skolerne"]
[WhiteTeamCountry "BEL"]
[BlackTeamCountry "DEN"]

1. d4 e6 2. Nf3 Nf6 3. g3 c5 4. Bg2 cxd4 5. 0-0 d5 6. Nxd4 e5 7. Nb3 h6 8. c3 Be7 9. c4 d4 10. e3 d3 11. Nc3 Nc6 12. Nd5 Bf5 13. e4 Nxe4 14. Qxd3 Nd6 15. Qe2 0-0 16. Be3 Qc8 17. Rfd1 Rd8 18. c5 Ne8 19. Nxe7+ Nxe7 20. Rxd8 Qxd8 21. Bxb7 Rb8 22. Bg2 Qc7 23. f4 Nf6 24. h3 Nfd5 25. Rf1 exf4 26. Bd4 f6 27. Qf2 Bd3 28. Rd1 fxg3 29. Qf3 Bg6 30. Re1 Bf7 31. Nc1 Rd8 32. Ne2 Ng6 33. Qxg3 Ndf4 34. Bf2 Nxg2 35. Qxc7 1-0

[Event "Titled Tuesday intern op 09th Mar"]
[Site "Chess.com INT"]
[Date "2021.03.09"]
[Round "3"]
[White "Nitin, Senthilvel"]
[Black "Sorensen, Jan"]
[Result "1-0"]
[WhiteElo "2381"]
[BlackElo "2369"]
[PlyCount "84"]
[EventDate "2021.03.09"]
[EventType "swiss (blitz)"]
[EventRounds "11"]
[EventCountry "USA"]
[SourceTitle "CBM 201 Extra"]
[Source "ChessBase"]
[SourceDate "2021.05.31"]
[SourceVersion "1"]
[SourceVersionDate "2021.05.31"]
[SourceQuality "1"]

1. e4 e6 2. d4 d5 3. Bd3 dxe4 4. Bxe4 Nf6 5. Bf3 Nbd7 6. Nc3 Bd6 7. Bg5 e5 8. Nge2 0-0 9. Qd2 Re8 10. 0-0-0 e4 11. Nxe4 Nxe4 12. Bxe4 f6 13. Bd5+ Kh8 14. Bh4 Nb6 15. Bb3 a5 16. a3 a4 17. Ba2 Be6 18. d5 Bf7 19. Bg3 Qe7 20. Bxd6 cxd6 21. Nc3 Qc7 22. Rhe1 Qc5 23. Ne4 Qc7 24. Qc3 Qd8 25. Qb4 Bg6 26. Nxd6 Rxe1 27. Rxe1 Qc7 28. c3 Rd8 29. Nb5 Qxh2 30. Qe7 Qb8 31. Qc7 Qxc7 32. Nxc7 h5 33. c4 Nd7 34. Ne6 Rc8 35. Kd2 Bf7 36. f4 Nb6 37. c5 Nd7 38. f5 Kg8 39. d6 Ne5 40. Rxe5 fxe5 41. d7 Bxe6 42. Bxe6+ Kf8 1-0

[Event "Titled Tuesday intern op 02nd Mar"]
[Site "Chess.com INT"]
[Date "2021.03.02"]
[Round "1"]
[White "Sorensen, Jan"]
[Black "Gabrielian, Artur"]
[Result "0-1"]
[WhiteElo "2369"]
[BlackElo "2448"]
[PlyCount "86"]
[EventDate "2021.03.02"]
[EventType "swiss (blitz)"]
[EventRounds "11"]
[EventCountry "USA"]
[SourceTitle "CBM 201 Extra"]
[Source "ChessBase"]
[SourceDate "2021.05.31"]
[SourceVersion "1"]
[SourceVersionDate "2021.05.31"]
[SourceQuality "1"]

1. e4 c5 2. Nf3 d6 3. Bb5+ Nd7 4. 0-0 a6 5. Bd3 Ngf6 6. Re1 b5 7. c4 b4 8. a3 Bb7 9. Bc2 e5 10. axb4 cxb4 11. d4 Be7 12. d5 Nc5 13. Nbd2 Nfd7 14. Nb3 a5 15. Nxc5 Nxc5 16. Ba4+ Kf8 17. Qc2 h5 18. Be3 Qc7 19. Nd2 Rc8 20. Rec1 h4 21. h3 g5 22. f3 Kg7 23. Nb3 Nxb3 24. Qxb3 Qb8 25. Bb5 Qc7 26. Ra4 Ra8 27. Rca1 Rhc8 28. Qa2 Bd8 29. Qb3 f6 30. Qc2 Qb8 31. Qb3 Ba6 32. Bc6 Bb7 33. Bb5 Ba6 34. Bc6 Ra7 35. Kh2 Rf7 36. c5 f5 37. exf5 dxc5 38. Bxc5 Rxf5 39. Bd7 e4+ 40. Kh1 Rxf3 41. gxf3 Rxc5 42. Qe3 Rc2 43. Rg1 Qh2# 0-1

[Event "Titled Tuesday intern op 02nd Mar"]
[Site "Chess.com INT"]
[Date "2021.03.02"]
[Round "8"]
[White "Sorensen, Jan"]
[Black "Kairbekova, Amina"]
[Result "0-1"]
[WhiteElo "2369"]
[BlackElo "2132"]
[PlyCount "50"]
[EventDate "2021.03.02"]
[EventType "swiss (blitz)"]
[EventRounds "11"]
[EventCountry "USA"]
[SourceTitle "CBM 201 Extra"]
[Source "ChessBase"]
[SourceDate "2021.05.31"]
[SourceVersion "1"]
[SourceVersionDate "2021.05.31"]
[SourceQuality "1"]

1. e4 e6 2. d4 d5 3. Nd2 Nc6 4. Ngf3 Nf6 5. e5 Nd7 6. Nb3 a5 7. a4 Be7 8. c3 0-0 9. Bd3 f6 10. exf6 Nxf6 11. 0-0 Bd6 12. Bg5 e5 13. dxe5 Nxe5 14. Nxe5 Bxe5 15. Bh4 Qd6 16. Bg3 Ng4 17. f4 Bxf4 18. Bxf4 Rxf4 19. Rxf4 Qxf4 20. Qf3 Qxh2+ 21. Kf1 Be6 22. Ke2 Rf8 23. Qh3 Rf2+ 24. Kd1 Qg1+ 25. Bf1 Qxf1# 0-1

[Event "Titled Tuesday intern op 02nd Mar"]
[Site "Chess.com INT"]
[Date "2021.03.02"]
[Round "6"]
[White "Sorensen, Jan"]
[Black "Zavivaeva, Evelina"]
[Result "1-0"]
[WhiteElo "2369"]
[BlackElo "1536"]
[PlyCount "71"]
[EventDate "2021.03.02"]
[EventType "swiss (blitz)"]
[EventRounds "11"]
[EventCountry "USA"]
[SourceTitle "CBM 201 Extra"]
[Source "ChessBase"]
[SourceDate "2021.05.31"]
[SourceVersion "1"]
[SourceVersionDate "2021.05.31"]
[SourceQuality "1"]

1. e4 e5 2. Bc4 Bc5 3. Nc3 Nf6 4. d3 Nc6 5. f4 exf4 6. Bxf4 d6 7. Nf3 0-0 8. Qd2 Bg4 9. Rf1 Bxf3 10. gxf3 Ne5 11. Bb3 Nh5 12. Bg5 Qd7 13. d4 Bxd4 14. Qxd4 Qh3 15. Qf2 h6 16. Be3 Kh8 17. 0-0-0 f5 18. exf5 Qxf5 19. Nd5 Nf6 20. Nxf6 Rxf6 21. Bd4 Qxf3 22. Qxf3 Rxf3 23. Bxe5 Rxf1 24. Bxg7+ Kxg7 25. Rxf1 Rf8 26. Rxf8 Kxf8 27. Kd2 Ke7 28. Ke3 c6 29. Kf4 Kf6 30. c3 a6 31. Bc2 b5 32. b4 c5 33. Be4 cxb4 34. cxb4 Ke6 35. Bb7 d5 36. Bxa6 1-0

[Event "EU-ch Online 2300+ Final"]
[Site "Chess.com INT"]
[Date "2020.05.30"]
[Round "5"]
[White "Eren, Ataberk"]
[Black "Sorensen, Jan"]
[Result "1-0"]
[WhiteElo "2321"]
[BlackElo "2378"]
[PlyCount "73"]
[EventDate "2020.05.30"]
[EventType "swiss"]
[EventRounds "8"]
[EventCountry "NET"]
[SourceTitle "CBM 196 Extra"]
[Source "ChessBase"]
[SourceDate "2020.07.31"]
[SourceVersion "1"]
[SourceVersionDate "2020.07.31"]
[SourceQuality "1"]

1. e4 e6 2. d4 d5 3. Nd2 Nc6 4. Ngf3 Nf6 5. e5 Nd7 6. Bb5 Be7 7. 0-0 a6 8. Bxc6 bxc6 9. Nb3 c5 10. Na5 Nb8 11. c4 c6 12. Qa4 0-0 13. Rd1 Qc7 14. dxc5 Bxc5 15. b4 Be7 16. Be3 c5 17. cxd5 exd5 18. Rac1 Bd7 19. Qc2 c4 20. Rxd5 Be6 21. Rd4 Nc6 22. Rxc4 Bxc4 23. Qxc4 Bxb4 24. Nxc6 Ba3 25. Rc3 Rac8 26. Ne7+ Qxe7 27. Qxc8 Qb4 28. h3 h6 29. Qc4 Qb1+ 30. Kh2 Be7 31. e6 Bd6+ 32. g3 Qf5 33. exf7+ Kh8 34. Kg2 Kh7 35. Qd3 Rxf7 36. Qxf5+ Rxf5 37. Rc6 1-0

[Event "EU-ch Online 2300+ Qual"]
[Site "Chess.com INT"]
[Date "2020.05.29"]
[Round "3"]
[White "Karaoglan, Doruk"]
[Black "Sorensen, Jan"]
[Result "0-1"]
[WhiteElo "2230"]
[BlackElo "2378"]
[PlyCount "46"]
[EventDate "2020.05.29"]
[EventType "swiss"]
[EventRounds "8"]
[EventCountry "NET"]
[SourceTitle "CBM 196 Extra"]
[Source "ChessBase"]
[SourceDate "2020.07.31"]
[SourceVersion "1"]
[SourceVersionDate "2020.07.31"]
[SourceQuality "1"]

1. e4 e6 2. d4 d5 3. Nd2 Nc6 4. Ngf3 Nf6 5. e5 Nd7 6. Nb3 Be7 7. Bb5 a5 8. a4 Na7 9. Bd3 b6 10. c3 c5 11. Nbd2 Nc6 12. Qe2 cxd4 13. cxd4 Nb4 14. Bb1 Ba6 15. Qe3 Rc8 16. Nf1 Nc2+ 17. Bxc2 Rxc2 18. Ng3 Bb4+ 19. Kd1 Qc7 20. Ng5 h6 21. Nh3 0-0 22. Nf4 Rc8 23. Nfh5 Rxb2 0-1

[Event "EU-ch Online 2300+ Qual"]
[Site "Chess.com INT"]
[Date "2020.05.29"]
[Round "7"]
[White "Papp, Gabor"]
[Black "Sorensen, Jan"]
[Result "1-0"]
[WhiteElo "2602"]
[BlackElo "2378"]
[PlyCount "107"]
[EventDate "2020.05.29"]
[EventType "swiss"]
[EventRounds "8"]
[EventCountry "NET"]
[SourceTitle "CBM 196 Extra"]
[Source "ChessBase"]
[SourceDate "2020.07.31"]
[SourceVersion "1"]
[SourceVersionDate "2020.07.31"]
[SourceQuality "1"]

1. e4 e6 2. d4 d5 3. Nd2 Nc6 4. Ngf3 Nf6 5. e5 Nd7 6. Bd3 Nb4 7. Be2 c5 8. c3 Nc6 9. 0-0 Be7 10. Re1 a5 11. a4 Qb6 12. Nb1 0-0 13. Na3 f6 14. exf6 Nxf6 15. Nb5 Bd7 16. Bf4 Rac8 17. Be5 Ne4 18. Bd3 cxd4 19. Nbxd4 Rxf3 20. gxf3 Nxe5 21. fxe4 Bd6 22. exd5 exd5 23. Bxh7+ Kxh7 24. Qh5+ Kg8 25. Rxe5 Rf8 26. Rxd5 Qxb2 27. Rxd6 Qxa1+ 28. Kg2 Be8 29. Qd5+ Bf7 30. Qg5 Qxc3 31. Nf5 Re8 32. Rd4 Qc6+ 33. f3 Re2+ 34. Kg3 Qc7+ 35. Rf4 Be8 36. h4 Re6 37. h5 Kh7 38. Kh3 Qd7 39. Rg4 Rf6 40. Qxg7+ Qxg7 41. Rxg7+ Kh8 42. Rg5 Bxa4 43. Nh4 Bd7+ 44. Kg3 a4 45. Ra5 Ra6 46. Rd5 Bc6 47. Rd8+ Kg7 48. Nf5+ Kh7 49. Rc8 a3 50. Rc7+ Kh8 51. Ne7 a2 52. Ng6+ Kg8 53. h6 a1Q 54. h7# 1-0

[Event "EU-ch Online 2300+ Qual"]
[Site "Chess.com INT"]
[Date "2020.05.29"]
[Round "4"]
[White "Sorensen, Jan"]
[Black "Can, Isik"]
[Result "1-0"]
[WhiteElo "2378"]
[BlackElo "2380"]
[PlyCount "123"]
[EventDate "2020.05.29"]
[EventType "swiss"]
[EventRounds "8"]
[EventCountry "NET"]
[SourceTitle "CBM 196 Extra"]
[Source "ChessBase"]
[SourceDate "2020.07.31"]
[SourceVersion "1"]
[SourceVersionDate "2020.07.31"]
[SourceQuality "1"]

1. e4 c6 2. Nf3 d5 3. d3 Bg4 4. h3 Bh5 5. g4 Bg6 6. Qe2 e6 7. h4 dxe4 8. dxe4 h5 9. g5 Nd7 10. Nbd2 Qc7 11. b3 Bd6 12. Bb2 Ne5 13. 0-0-0 0-0-0 14. Bh3 Ne7 15. Nd4 Bc5 16. Bxe6+ Kb8 17. Nc4 Nxc4 18. Bxc4 b5 19. Nxc6+ Nxc6 20. Bd5 Nb4 21. Qxb5+ Qb6 22. Be5+ Bd6 23. Qxb6+ axb6 24. Bxg7 Nxd5 25. Bxh8 Bxe4 26. Rhe1 Rxh8 27. Rxe4 Nc3 28. Rxd6 Nxe4 29. Rxb6+ Kc7 30. Rb4 Nxf2 31. Rf4 Ng4 32. Rxf7+ Kd6 33. a4 Ne5 34. Rf6+ Kd5 35. Kb2 Ke4 36. a5 Nf3 37. Rh6 Ra8 38. b4 Nxh4 39. Rxh5 Nf5 40. g6 Nd6 41. g7 Rg8 42. Rg5 Nf7 43. Rg2 Kf5 44. Kb3 Ng5 45. b5 Rxg7 46. a6 Ra7 47. Kb4 Ne4 48. Ka5 Nd6 49. Re2 Nc4+ 50. Kb4 Rc7 51. c3 Kf6 52. Ra2 Nb6 53. a7 Nd5+ 54. Kb3 Rxc3+ 55. Kb2 Rc8 56. a8Q Rxa8 57. Rxa8 Ke7 58. Kb3 Kd6 59. Rb8 Kc5 60. Ka4 Ne3 61. Ka5 Nd5 62. Rc8+ 1-0

[Event "DEN-chT 1920 58th"]
[Site "Denmark"]
[Date "2019.12.01"]
[Round "3.3"]
[White "Sorensen, Jan"]
[Black "Vesterli, Michael"]
[Result "1/2-1/2"]
[WhiteElo "2395"]
[BlackElo "2234"]
[PlyCount "49"]
[EventDate "2019.11.23"]
[EventType "team-tourn"]
[EventRounds "9"]
[EventCountry "DEN"]
[SourceTitle "CBM 193 Extra"]
[Source "ChessBase"]
[SourceDate "2020.01.31"]
[SourceVersion "1"]
[SourceVersionDate "2020.01.31"]
[SourceQuality "1"]
[WhiteTeam "Aarhus/Skolerne"]
[BlackTeam "Ballerup"]
[WhiteTeamCountry "DEN"]
[BlackTeamCountry "DEN"]

1. e4 c5 2. Nf3 Nc6 3. Bb5 g6 4. 0-0 Bg7 5. c3 Nf6 6. Re1 0-0 7. h3 Qc7 8. d4 cxd4 9. cxd4 d5 10. e5 Ne4 11. Nc3 Nxc3 12. bxc3 Na5 13. Ba3 a6 14. Bd3 Re8 15. Qc2 Bd7 16. Rab1 Rac8 17. Bc5 b5 18. a4 Nb7 19. axb5 Nxc5 20. dxc5 axb5 21. Bxb5 Bf5 22. Bd3 Bxd3 23. Qxd3 Qxc5 24. Rb5 Qxc3 25. Qxc3 1/2-1/2

[Event "DEN-chT 1819 57th"]
[Site "Denmark"]
[Date "2018.12.09"]
[Round "4.2"]
[White "Sorensen, Jan"]
[Black "Matthiesen, Arne"]
[Result "1-0"]
[WhiteElo "2406"]
[BlackElo "2294"]
[PlyCount "91"]
[EventDate "2018.10.27"]
[EventType "team-tourn"]
[EventRounds "9"]
[EventCountry "DEN"]
[SourceTitle "CBM 187 Extra"]
[Source "ChessBase"]
[SourceDate "2018.11.04"]
[SourceVersion "1"]
[SourceVersionDate "2018.11.04"]
[SourceQuality "1"]
[WhiteTeam "Aarhus/Skolerne"]
[BlackTeam "Copenhagen 68"]
[WhiteTeamCountry "DEN"]
[BlackTeamCountry "DEN"]

1. e4 c5 2. Nf3 g6 3. Bc4 Bg7 4. c3 e6 5. 0-0 Ne7 6. d4 cxd4 7. Nxd4 a6 8. Bg5 Qc7 9. Nd2 Nbc6 10. Bb3 0-0 11. N2f3 h6 12. Bh4 b5 13. Qd2 Bb7 14. Rad1 Nxd4 15. Nxd4 Nc6 16. Bg3 Qb6 17. Nc2 Na5 18. Bd6 Rfc8 19. e5 Nc4 20. Bxc4 Rxc4 21. Rfe1 h5 22. Ne3 Rcc8 23. f3 a5 24. a3 Re8 25. Kh1 Rac8 26. Qd3 Qc6 27. Qd4 Bh6 28. Qh4 Bg7 29. Rd4 Qb6 30. Qg5 Qd8 31. Qf4 g5 32. Qg3 f5 33. exf6 Qxf6 34. f4 Qg6 35. Rdd1 g4 36. h3 Be4 37. hxg4 hxg4 38. Qxg4 Qh6+ 39. Kg1 Kh8 40. Kf2 Qg6 41. Rh1+ Kg8 42. Rh5 Qxg4 43. Nxg4 b4 44. axb4 axb4 45. Be5 Bxe5 46. fxe5 1-0

[Event "DEN-chT 1819 57th"]
[Site "Denmark"]
[Date "2018.11.18"]
[Round "3.2"]
[White "Sorensen, Jan"]
[Black "Jensen, Bjarke"]
[Result "0-1"]
[WhiteElo "2406"]
[BlackElo "2311"]
[PlyCount "120"]
[EventDate "2018.10.27"]
[EventType "team-tourn"]
[EventRounds "9"]
[EventCountry "DEN"]
[SourceTitle "CBM 187 Extra"]
[Source "ChessBase"]
[SourceDate "2018.11.04"]
[SourceVersion "1"]
[SourceVersionDate "2018.11.04"]
[SourceQuality "1"]
[WhiteTeam "Aarhus/Skolerne"]
[BlackTeam "Jetsmark"]
[WhiteTeamCountry "DEN"]
[BlackTeamCountry "DEN"]

1. e4 e5 2. Bc4 Nf6 3. d3 Nc6 4. Nc3 Na5 5. Nge2 Be7 6. a4 Nxc4 7. dxc4 0-0 8. 0-0 d6 9. b3 c6 10. Ng3 Qc7 11. Bb2 Be6 12. Qe2 Rad8 13. Rfd1 Nd7 14. Nd5 cxd5 15. cxd5 Rc8 16. dxe6 fxe6 17. Ba3 Qxc2 18. Bxd6 Qxe2 19. Nxe2 Bxd6 20. Rxd6 Nc5 21. b4 Nxe4 22. Rxe6 Rc2 23. Ng3 Nxg3 24. fxg3 Rff2 25. Rxe5 Rxg2+ 26. Kh1 Rxh2+ 27. Kg1 Rcg2+ 28. Kf1 Rxg3 29. Re8+ Kf7 30. Rb8 Rh1+ 31. Kf2 Rxa1 32. Rxb7+ Kg6 33. Kxg3 Rxa4 34. Rb5 h6 35. Kf3 Ra3+ 36. Kf4 Ra1 37. Kg4 Rg1+ 38. Kh4 Rf1 39. Ra5 Rf7 40. Kg4 Rb7 41. b5 Kf6 42. Kh5 Ke6 43. Kg6 Kd6 44. Ra1 Kc5 45. Rc1+ Kxb5 46. Rb1+ Kc6 47. Rc1+ Kd5 48. Ra1 Rc7 49. Ra5+ Kc6 50. Ra1 Kb7 51. Rb1+ Kc8 52. Ra1 Kd8 53. Ra2 Ke8 54. Ra1 Kf8 55. Kh7 h5 56. Kg6 h4 57. Rf1+ Kg8 58. Kg5 h3 59. Kg4 h2 60. Kg3 Rc2 0-1

[Event "DEN-chT 1819 57th"]
[Site "Denmark"]
[Date "2018.10.27"]
[Round "1.2"]
[White "Sorensen, Jan"]
[Black "Kristensen, Bjarke Hautop"]
[Result "0-1"]
[WhiteElo "2406"]
[BlackElo "2207"]
[PlyCount "152"]
[EventDate "2018.10.27"]
[EventType "team-tourn"]
[EventRounds "9"]
[EventCountry "DEN"]
[SourceTitle "CBM 187 Extra"]
[Source "ChessBase"]
[SourceDate "2018.11.04"]
[SourceVersion "1"]
[SourceVersionDate "2018.11.04"]
[SourceQuality "1"]
[WhiteTeam "Aarhus/Skolerne"]
[BlackTeam "Evans"]
[WhiteTeamCountry "DEN"]
[BlackTeamCountry "DEN"]

1. d4 Nf6 2. Bg5 d5 3. Bxf6 exf6 4. e3 Be6 5. g3 Bd6 6. Bg2 c6 7. Ne2 0-0 8. 0-0 Nd7 9. b3 f5 10. Nd2 Nf6 11. c4 Ne4 12. Rb1 Qd7 13. c5 Bc7 14. b4 b5 15. a4 a6 16. Ra1 h6 17. Qc2 g5 18. Ra3 Rae8 19. axb5 axb5 20. Ra6 Ra8 21. Rfa1 Rxa6 22. Rxa6 Re8 23. Nf3 f4 24. exf4 Bf5 25. Qc1 f6 26. Ra7 Bxf4 27. Rxd7 Bxc1 28. Rc7 Ba3 29. Rxc6 Bxb4 30. h3 Ba3 31. g4 Bg6 32. Rb6 b4 33. Ne5 fxe5 34. Rxg6+ Kh7 35. Rb6 exd4 36. Nxd4 Nxc5 37. Rb5 Re1+ 38. Kh2 Bb2 39. Nf3 Rc1 40. Rxb4 Rc2 41. Rb5 Bf6 42. Rb6 Ne4 43. Rb7+ Kg6 44. Rd7 Nc3 45. h4 gxh4 46. Kh3 Rxf2 47. Nxh4+ Bxh4 48. Bxd5 Nxd5 49. Rxd5 Bf6 50. Rf5 Ra2 51. Kg3 Ra3+ 52. Kg2 Bg5 53. Rb5 Bf4 54. Kf2 Rg3 55. Ra5 Rxg4 56. Kf3 h5 57. Ra4 Kf5 58. Ra7 Be5 59. Rh7 Kg6 60. Re7 Bf6 61. Rb7 Ra4 62. Rb5 h4 63. Kg2 Ra3 64. Kh2 Bg5 65. Kh1 Ra4 66. Kg2 Kh5 67. Rb1 Kg4 68. Kh1 Ra2 69. Rg1+ Kf5 70. Rb1 Bf4 71. Rb3 Kg4 72. Rb1 Kh3 73. Re1 Bg3 74. Rf1 Rh2+ 75. Kg1 Rg2+ 76. Kh1 Bf2 0-1

[Event "DEN-chT 1718 56th"]
[Site "Denmark"]
[Date "2017.12.03"]
[Round "3.2"]
[White "Schwarz, Frank"]
[Black "Sorensen, Jan"]
[Result "1/2-1/2"]
[WhiteElo "2237"]
[BlackElo "2420"]
[PlyCount "160"]
[EventDate "2017.11.18"]
[EventType "team-tourn"]
[EventRounds "9"]
[EventCountry "DEN"]
[SourceTitle "EXT 2019"]
[Source "ChessBase"]
[SourceDate "2018.10.10"]
[SourceVersion "1"]
[SourceVersionDate "2018.10.10"]
[SourceQuality "1"]
[WhiteTeam "BOV"]
[BlackTeam "Aarhus/Skolerne"]
[WhiteTeamCountry "DEN"]
[BlackTeamCountry "DEN"]

1. d4 e6 2. Bf4 f5 3. e3 Nf6 4. Bd3 b6 5. Nf3 Bb7 6. Nbd2 Be7 7. h3 c5 8. c3 cxd4 9. exd4 0-0 10. Qe2 Nd5 11. Bh2 Bg5 12. 0-0-0 Nf4 13. Bxf4 Bxf4 14. Kb1 Nc6 15. Rhg1 Ne7 16. g3 Bh6 17. Nc4 Rb8 18. Nd6 Ba8 19. Ne5 Nd5 20. Bb5 Qe7 21. Ndc4 Rfd8 22. Rge1 Nc7 23. Na3 a6 24. Bd3 b5 25. Nc2 Nd5 26. Ka1 g6 27. h4 Bg7 28. Ne3 Nf6 29. Bc2 Ne4 30. Bb3 a5 31. a3 b4 32. cxb4 axb4 33. a4 d6 34. Nf3 Kh8 35. Ng5 Nxg5 36. hxg5 Qa7 37. d5 e5 38. Rh1 e4 39. g4 f4 40. Nc4 Qe7 41. Na5 Rbc8 42. Nc6 Bxc6 43. dxc6 Qxg5 44. Qxe4 Re8 45. Qc4 Qf6 46. Rd2 d5 47. Qb5 Rxc6 48. Qxd5 Rcc8 49. g5 Qc6 50. Qxc6 Rxc6 51. Rhd1 h6 52. gxh6 Bxh6 53. Rd7 f3 54. Kb1 Rec8 55. Rd8+ Rxd8 56. Rxd8+ Kg7 57. Rd7+ Kf6 58. Rf7+ Ke5 59. Rxf3 Bf4 60. Rd3 Rc1+ 61. Ka2 Rf1 62. f3 Rf2 63. Bf7 Kf6 64. Bc4 Be5 65. Rb3 Bd6 66. a5 Bc5 67. a6 Rd2 68. Rd3 Rxd3 69. Bxd3 g5 70. Kb3 Ke5 71. Kc4 Kd6 72. Be4 Ba7 73. Kxb4 Kc7 74. Kb5 Bd4 75. Kc4 Bf2 76. Kd5 Kb6 77. Bd3 Be3 78. b4 Bf2 79. Kd6 Bg3+ 80. Kd7 Bf4 1/2-1/2

[Event "DEN-chT 1516 54th"]
[Site "Denmark"]
[Date "2016.03.05"]
[Round "8.4"]
[White "Jorgensen, Dennis"]
[Black "Sorensen, Jan"]
[Result "1/2-1/2"]
[WhiteElo "2237"]
[BlackElo "2435"]
[PlyCount "67"]
[EventDate "2015.10.31"]
[EventType "team-tourn"]
[EventRounds "9"]
[EventCountry "DEN"]
[SourceTitle "EXT 2017"]
[Source "ChessBase"]
[SourceDate "2016.10.25"]
[SourceVersion "1"]
[SourceVersionDate "2016.10.25"]
[SourceQuality "1"]
[WhiteTeam "Obro"]
[BlackTeam "Aarhus/Skolerne"]
[WhiteTeamCountry "DEN"]
[BlackTeamCountry "DEN"]

1. Nf3 Nf6 2. g3 b6 3. d4 Bb7 4. Bg2 c5 5. 0-0 g6 6. c4 cxd4 7. Qxd4 Bg7 8. Nc3 Nc6 9. Qf4 Rc8 10. Rb1 0-0 11. b3 Qe8 12. Qd2 d6 13. Bb2 Nb8 14. Rbc1 Nbd7 15. Rfd1 a6 16. Ne1 Bxg2 17. Nxg2 Rc5 18. Ne3 Qb8 19. Ncd5 Re8 20. Bd4 Rcc8 21. Nxf6+ Nxf6 22. Nd5 Nxd5 23. Bxg7 Ne3 24. Qxe3 Kxg7 25. Rd4 Rc5 26. Rh4 h5 27. Rd1 Qb7 28. Re4 Qc7 29. Red4 Rc8 30. Re4 Re8 31. Red4 Re5 32. Re4 Rc5 33. Red4 Re5 34. Re4 1/2-1/2